000 00384cam a22001217a 4500
008 180718b1978 xxu||||| |||| 00| 0 eng d
082 _aG3x54 N131
100 _aNag, Salil Kumar
245 _aEvolution of parliamentary privileges in India till 1947
_cby Salil Kumar Nag
260 _aDelhi
_bSterling
_c1978
300 _a360p.
650 _aIndia. Parliament --Privileges and immunities
999 _c349440
_d349440